| 000 | 00629nam a2200193 u 4500 | ||
|---|---|---|---|
| 001 | 000022107 | ||
| 005 | 20200930011602.0 | ||
| 008 | 100916s1969 ck 000 0 spa d | ||
| 040 |
_aDO-SdBNP _bspa _cBNPHU |
||
| 082 |
_ann* _bnn* |
||
| 100 | 1 |
_aRestrepo, Jose Manuel. _945798 |
|
| 245 | 1 | 0 |
_aHistoria de la revolución de la República de Colombia / _cJosé Manuel Restrepo. |
| 260 |
_aMedellín : _bBedout, _c1969. |
||
| 300 |
_av. : ; _c18 cm. |
||
| 490 | 1 |
_aBolsibros Bedout _v48, 49, 50, 51, 52 |
|
| 500 | _aLa biblioteca sólo posee 5 volumenes. | ||
| 830 | 0 |
_aBolsibros Bedout _v48, 49, 50, 51, 52 _945799 |
|
| 049 | _aBNGR | ||
| 999 |
_c21605 _d21605 |
||